[Event "Schleswig Holstein-ch Seniors"]
[Site "Hanerau"]
[Date "2015.04.01"]
[Round "7"]
[White "Lewke, Burkhard"]
[Black "Salzig, Levin"]
[Result "1/2-1/2"]
[WhiteElo "1715"]
[BlackElo "1699"]
[PlyCount "101"]
[EventDate "2015.03.28"]
[EventType "swiss"]
[EventRounds "9"]
[EventCountry "GER"]
[SourceTitle "EXT 2018"]
[Source "ChessBase"]
[SourceDate "2017.10.13"]
[SourceVersion "1"]
[SourceVersionDate "2017.10.13"]
[SourceQuality "1"]

1. d4 d5 2. c4 e6 3. Nc3 c6 4. e3 Nf6 5. a3 Nbd7 6. cxd5 exd5 7. Bd3 Bd6 8. Nf3 0-0 9. 0-0 Re8 10. Qc2 Nf8 11. h3 Ng6 12. e4 dxe4 13. Nxe4 Nd5 14. Nxd6 Qxd6 15. Qc5 Qc7 16. Bxg6 hxg6 17. Bd2 Bd7 18. Rac1 Qd8 19. Bg5 Qb6 20. Qxb6 Nxb6 21. Bd2 Re2 22. Rfe1 Rae8 23. Rxe2 Rxe2 24. Kf1 Re4 25. Bc3 Nd5 26. Ne5 Bc8 27. Nd3 f6 28. Re1 Rxe1+ 29. Kxe1 Kf7 30. Bd2 g5 31. Nc5 Nf4 32. Bxf4 gxf4 33. Ke2 b6 34. Nd3 Ba6 35. Kd2 g5 36. h4 Kg6 37. hxg5 Bxd3 38. Kxd3 f5 39. Kc4 Kxg5 40. d5 cxd5+ 41. Kxd5 Kg4 42. Ke5 f3 43. gxf3+ Kxf3 44. Kxf5 Kxf2 45. Ke5 Ke3 46. Kd5 Kd3 47. Kc6 Kc2 48. Kb7 Kxb2 49. Kxa7 b5 50. Kb6 Kxa3 51. Kxb5 1/2-1/2

[Event "Schleswig Holstein-ch Seniors"]
[Site "Hanerau"]
[Date "2015.03.31"]
[Round "5"]
[White "Kollhoff, Josef"]
[Black "Salzig, Levin"]
[Result "1/2-1/2"]
[WhiteElo "1727"]
[BlackElo "1699"]
[PlyCount "43"]
[EventDate "2015.03.28"]
[EventType "swiss"]
[EventRounds "9"]
[EventCountry "GER"]
[SourceTitle "EXT 2018"]
[Source "ChessBase"]
[SourceDate "2017.10.13"]
[SourceVersion "1"]
[SourceVersionDate "2017.10.13"]
[SourceQuality "1"]

1. d4 d5 2. Nf3 e6 3. c4 c6 4. g3 dxc4 5. Bg2 Nf6 6. Ne5 Bb4+ 7. Bd2 Qxd4 8. Bxb4 Qxe5 9. Na3 c5 10. Nxc4 Qc7 11. Nd6+ Ke7 12. Rc1 Na6 13. Nxc8+ Raxc8 14. Bc3 Rhd8 15. Qa4 Qd7 16. Qh4 Nc7 17. Bxb7 Rb8 18. Bf3 Nb5 19. Bxf6+ gxf6 20. 0-0 Nd4 21. Rxc5 Rxb2 22. Rfc1 1/2-1/2

[Event "Schleswig Holstein-ch Seniors"]
[Site "Hanerau"]
[Date "2015.03.30"]
[Round "3"]
[White "Salzig, Levin"]
[Black "Lehr, Thomas"]
[Result "0-1"]
[WhiteElo "1699"]
[BlackElo "1924"]
[PlyCount "68"]
[EventDate "2015.03.28"]
[EventType "swiss"]
[EventRounds "9"]
[EventCountry "GER"]
[SourceTitle "EXT 2018"]
[Source "ChessBase"]
[SourceDate "2017.10.13"]
[SourceVersion "1"]
[SourceVersionDate "2017.10.13"]
[SourceQuality "1"]

1. d4 Nf6 2. c4 d6 3. Nc3 c6 4. Bg5 Nbd7 5. e3 Qa5 6. Bd3 Qxg5 7. Qf3 Qg4 8. 0-0-0 e5 9. Rd2 g6 10. Qxg4 Nxg4 11. d5 f5 12. h3 Ngf6 13. f4 Bh6 14. Nge2 cxd5 15. Nb5 Ke7 16. Nc7 Rb8 17. cxd5 a6 18. Bc4 Ne4 19. Rc2 b5 20. Bb3 Ndc5 21. g4 a5 22. g5 Bxg5 23. fxg5 a4 24. Rxc5 Nxc5 25. Bc2 Rb7 26. Ne6 Bxe6 27. dxe6 b4 28. Rd1 Rc8 29. Kd2 b3 30. axb3 Nxb3+ 31. Bxb3 Rxb3 32. Ra1 Rxb2+ 33. Ke1 Rcc2 34. Ng1 a3 0-1

[Event "Schleswig Holstein-ch Seniors"]
[Site "Hanerau"]
[Date "2015.03.28"]
[Round "1"]
[White "Salzig, Levin"]
[Black "Haversick, Axel"]
[Result "1/2-1/2"]
[WhiteElo "1699"]
[BlackElo "1839"]
[PlyCount "30"]
[EventDate "2015.03.28"]
[EventType "swiss"]
[EventRounds "9"]
[EventCountry "GER"]
[SourceTitle "EXT 2018"]
[Source "ChessBase"]
[SourceDate "2017.10.13"]
[SourceVersion "1"]
[SourceVersionDate "2017.10.13"]
[SourceQuality "1"]

1. d4 Nf6 2. c4 e6 3. Nc3 Bb4 4. a3 Bxc3+ 5. bxc3 c5 6. e3 0-0 7. Bd3 Nc6 8. Nf3 d5 9. Qc2 b6 10. 0-0 h6 11. cxd5 exd5 12. Ne5 Qc7 13. f4 c4 14. Bf5 Bxf5 15. Qxf5 Nxe5 1/2-1/2

[Event "Schleswig Holstein-ch Seniors"]
[Site "Leck"]
[Date "2014.04.18"]
[Round "9"]
[White "Salzig, Levin"]
[Black "Hencke, Heiko"]
[Result "1-0"]
[WhiteElo "1511"]
[BlackElo "1644"]
[PlyCount "29"]
[EventDate "2014.04.12"]
[EventType "swiss"]
[EventRounds "9"]
[EventCountry "GER"]
[SourceTitle "EXT 2018"]
[Source "ChessBase"]
[SourceDate "2017.10.13"]
[SourceVersion "1"]
[SourceVersionDate "2017.10.13"]
[SourceQuality "1"]

1. d4 d5 2. c4 Nf6 3. Nc3 Bf5 4. Qb3 b6 5. cxd5 e6 6. Bg5 Be7 7. Bxf6 Bxf6 8. e4 Bg6 9. Bb5+ Nd7 10. dxe6 fxe6 11. Qxe6+ Be7 12. Nf3 Bf7 13. Bxd7+ Qxd7 14. Qxd7+ Kxd7 15. Ne5+ 1-0

[Event "Schleswig Holstein-ch Seniors"]
[Site "Leck"]
[Date "2014.04.17"]
[Round "8"]
[White "Bohner, Joerg"]
[Black "Salzig, Levin"]
[Result "0-1"]
[WhiteElo "1771"]
[BlackElo "1511"]
[PlyCount "68"]
[EventDate "2014.04.12"]
[EventType "swiss"]
[EventRounds "9"]
[EventCountry "GER"]
[SourceTitle "EXT 2018"]
[Source "ChessBase"]
[SourceDate "2017.10.13"]
[SourceVersion "1"]
[SourceVersionDate "2017.10.13"]
[SourceQuality "1"]

1. d4 d5 2. e4 dxe4 3. Nc3 Nf6 4. f3 exf3 5. Nxf3 e6 6. Bg5 Bb4 7. Bd3 h6 8. Bxf6 Qxf6 9. 0-0 Bxc3 10. bxc3 Qd8 11. Ne5 0-0 12. Rf3 Nd7 13. Nxd7 Bxd7 14. Rg3 Qh4 15. Rg4 Qf6 16. Qe1 g5 17. Qe4 Qf5 18. Qe2 Qf6 19. Rf1 Qg7 20. Rg3 Rae8 21. h4 f5 22. Bc4 g4 23. Re3 Qe7 24. g3 c6 25. a4 h5 26. Re5 Kg7 27. a5 b5 28. axb6 axb6 29. Ra1 Rf6 30. Ra7 Qd6 31. Qe3 Rg6 32. Kg2 Kf8 33. Qf4 c5 34. Rxf5+ exf5 0-1

[Event "Schleswig Holstein-ch Seniors"]
[Site "Leck"]
[Date "2014.04.16"]
[Round "7"]
[White "Salzig, Levin"]
[Black "Wieser, Hans Joachim"]
[Result "1-0"]
[WhiteElo "1511"]
[BlackElo "1572"]
[PlyCount "63"]
[EventDate "2014.04.12"]
[EventType "swiss"]
[EventRounds "9"]
[EventCountry "GER"]
[SourceTitle "EXT 2018"]
[Source "ChessBase"]
[SourceDate "2017.10.13"]
[SourceVersion "1"]
[SourceVersionDate "2017.10.13"]
[SourceQuality "1"]

1. d4 b6 2. c4 Bb7 3. Nc3 d6 4. e3 g6 5. Nf3 Bg7 6. Be2 Nd7 7. 0-0 e6 8. Qc2 Ne7 9. b3 0-0 10. Bb2 c5 11. Rad1 Qc7 12. Nb5 Qc6 13. dxc5 dxc5 14. Bxg7 Kxg7 15. Rd6 Qc8 16. Qb2+ Kg8 17. Rfd1 Bc6 18. Qd2 Nf6 19. Nc3 Nf5 20. Rd3 Be4 21. Nxe4 Nxe4 22. Qc2 Nf6 23. Ne5 Qc7 24. Nd7 Nxd7 25. Rxd7 Qe5 26. Bf3 Rab8 27. Rxa7 Rbd8 28. g3 Qf6 29. Kg2 Rxd1 30. Qxd1 Rd8 31. Rd7 Ra8 32. Bxa8 1-0

[Event "Schleswig Holstein-ch Seniors"]
[Site "Leck"]
[Date "2014.04.12"]
[Round "1"]
[White "Salzig, Levin"]
[Black "Mohr, Harald"]
[Result "0-1"]
[WhiteElo "1511"]
[BlackElo "1876"]
[PlyCount "134"]
[EventDate "2014.04.12"]
[EventType "swiss"]
[EventRounds "9"]
[EventCountry "GER"]
[SourceTitle "EXT 2018"]
[Source "ChessBase"]
[SourceDate "2017.10.13"]
[SourceVersion "1"]
[SourceVersionDate "2017.10.13"]
[SourceQuality "1"]

1. d4 c5 2. d5 e6 3. c4 exd5 4. cxd5 d6 5. Nc3 g6 6. e4 Bg7 7. Bd3 a6 8. a4 Nf6 9. h3 0-0 10. Nge2 Nbd7 11. f4 Qe7 12. Qc2 Re8 13. b3 c4 14. bxc4 Nc5 15. 0-0 Nfxe4 16. Ra3 Nxd3 17. Qxd3 Nc5 18. Qf3 Bf5 19. Rd1 Bc2 20. Rd2 Bb3 21. f5 Bxc4 22. Qg4 Qe3+ 23. Kh1 Bxe2 24. Nxe2 Qf2 25. fxg6 hxg6 26. Ng1 Qe1 27. Rd1 Qe4 28. Qxe4 Nxe4 29. Rf3 Rac8 30. Bf4 Rc2 31. Re1 f5 32. Kh2 Kf7 33. Rb3 Re7 34. Nf3 Nc5 35. Rxe7+ Kxe7 36. Re3+ Kd7 37. Nh4 b5 38. axb5 axb5 39. Nxg6 Ne4 40. Ra3 Rc7 41. Nh4 b4 42. Rb3 Bc3 43. Nxf5 Nc5 44. Rb1 Ne4 45. g4 Nd2 46. Bxd2 Bxd2 47. g5 Rc2 48. Kg3 Rc4 49. g6 Bf4+ 50. Kg4 Bd2+ 51. Kh5 Rf4 52. Ng3 Rd4 53. h4 Rxd5+ 54. Kg4 Ke6 55. Rf1 Rd4+ 56. Kh3 Rf4 57. h5 Rxf1 58. Nxf1 Bh6 59. Ng3 Kd5 60. Ne2 Ke5 61. Kg4 d5 62. Nc1 d4 63. Nb3 d3 64. Nc5 Kd4 65. Ne6+ Kc3 66. g7 Bxg7 67. Nc7 d2 0-1

[Event "Schleswig Holstein-ch U16 M"]
[Site "Neumuenster"]
[Date "2010.04.08"]
[Round "6"]
[White "Martens, Julian"]
[Black "Salzig, Levin"]
[Result "1/2-1/2"]
[WhiteElo "1539"]
[BlackElo "1146"]
[PlyCount "63"]
[EventDate "2010.04.05"]
[EventType "tourn"]
[EventRounds "9"]
[EventCountry "GER"]
[SourceTitle "EXT 2023"]
[Source "ChessBase"]
[SourceDate "2022.10.05"]
[SourceVersion "1"]
[SourceVersionDate "2022.10.05"]
[SourceQuality "1"]

1. e4 c5 2. Nc3 e6 3. g3 Nc6 4. Bg2 d6 5. d3 Nf6 6. f4 a6 7. a4 Be7 8. Nf3 0-0 9. 0-0 Qc7 10. h3 h6 11. g4 Nh7 12. Kh1 f5 13. g5 hxg5 14. Nxg5 Nxg5 15. fxg5 g6 16. h4 Rf7 17. h5 Rh7 18. Bf3 Nd4 19. h6 Nxf3 20. Qxf3 b6 21. Qg3 Bb7 22. Kh2 Rf8 23. Bd2 Qd8 24. Rg1 Rff7 25. Raf1 Bc6 26. b3 b5 27. axb5 axb5 28. exf5 exf5 29. Re1 Qd7 30. Bf4 d5 31. Re2 d4 32. Nb1 1/2-1/2